Introduction to Data Science / (Record no. 213718)
[ view plain ]
| 000 -LEADER | |
|---|---|
| fixed length control field | 00786nam a22002177a 4500 |
| 005 - DATE AND TIME OF LATEST TRANSACTION | |
| control field | 20251103124159.0 |
| 010 ## - LCCN (DPL NO) | |
| LC control number | ENG-147054 |
| 020 ## - INTERNATIONAL STANDARD BOOK NUMBER | |
| International Standard Book Number | 9789367136980 |
| Terms of availability | 699.00 |
| 035 ## - SYSTEM CONTROL NUMBER | |
| System control number | EN-130586 |
| 037 ## - SOURCE OF ACQUISITION | |
| Source of stock number/acquisition | DBAD |
| Stock number | 1 |
| 082 ## - DEWEY DECIMAL CLASSIFICATION NUMBER | |
| Classification number | 005.7 |
| Edition number | 1 |
| 100 ## - MAIN ENTRY--PERSONAL NAME | |
| Personal name | Das, Amit Kumar |
| 245 ## - TITLE STATEMENT | |
| Title | Introduction to Data Science / |
| Statement of responsibility, etc | Amit Kumar Das; Mousoomi Bora [and] Vishal Dhure |
| 250 ## - EDITION STATEMENT | |
| Edition statement | 1 |
| 260 ## - PUBLICATION, DISTRIBUTION, ETC. (IMPRINT) | |
| Place of publication, distribution, etc | Chennai |
| Name of publisher, distributor, etc | Pearson India Education Services Pvt.Ltd. |
| Date of publication, distribution, etc | 2025 |
| 270 ## - ADDRESS | |
| Address | Featherlite,' The Address' 5th Floor, Survey No 203/10B,200 Ft MMRD Road, Zamin Pallavaram,Chennai |
| City | Chennai |
| Postal code | 600044 |
| 300 ## - PHYSICAL DESCRIPTION | |
| Extent | xxxiv, 538p. |
| Dimensions | 23cm(Pb) |
| Other physical details | Index |
| 700 ## - ADDED ENTRY--PERSONAL NAME | |
| Personal name | Bora, Mousoomi |
| Relator term | Author |
| 9 (RLIN) | 85616 |
| 700 ## - ADDED ENTRY--PERSONAL NAME | |
| Personal name | Dhure, Vishal |
| Relator term | Author |
| 9 (RLIN) | 85617 |
| 942 ## - ADDED ENTRY ELEMENTS (KOHA) | |
| Source of classification or shelving scheme | Dewey Decimal Classification |
| Item type | English Books |
| Classification part | 005.7 |
| Call number suffix | DAS |
| Edition | 1 |
| Withdrawn status | Lost status | Not for loan | Collection code | Home library | Current library | Date acquired | Source of acquisition | Cost, normal purchase price | Full call number | Barcode | Copy number | Cost, replacement price | Koha item type |
|---|---|---|---|---|---|---|---|---|---|---|---|---|---|
| Non-fiction | Mobile Library | Mobile Library | 03/11/2025 | Delivery of Books Act Division | 699.00 | 005.7 DAS | EN-130586 | 1 | 699.00 | English Books |
